Premier League 21/22 matchweek 6 King of the match - Statistics

General Stats
  • This quiz has been taken 8 times
  • The average score is 7 of 10
Answer Stats
Hint Answer % Correct
Arsenal 3-1 Tottenham Bukayo Saka
88%
Chelsea 0-1 Man City Gabriel Jesus
88%
Leicester 2-2 Burnley Jamie Vardy
88%
Leeds 1-2 West Ham Michail Antonio
88%
Everton 2-0 Norwich Abdoulaye Doucoure
63%
Man United 0-1 Aston Villa Kortney Hause
63%
Southampton 0-1 Wolves Raul Jimenez
63%
Brentford 3-3 Liverpool Diogo Jota
50%
Watford 1-1 Newcastle Ismaila Sarr
50%
Crystal Palace 1-1 Brighton Shane Duffy
38%
No matching quizzes found
Score Distribution
Percent of People with Each Score
Percentile by Number Answered
Your Score History
You have not taken this quiz